00451nam a2200121 a 450000100100000000500170001000800410002704000250006824500870009326000990018030000200027950400300029900002842720200930054934.0110408s1974 dr 000 0 spa d aDO-SdBNPbspacBNPHU00aDiversificación y aumento de la producción agrícola en el Valle del Cibao /. aSantiago, República Dominicana :bPrograma de las Naciones Unidas para el Desarrollo,c1974. a45 p. ;c28 cm. aBibliografía : p. 44-45